000 00326nam a2200133Ia 4500
008 151001s9999||||xx |||||||||||||| ||und||
100 _aऊ ज शेळके
245 _aजायबंदी
250 _a1
260 _bसरस प्रकाशन
260 _c1983
300 _a143
365 _b21
999 _c963354
_d963351